| Поле | Инд. | ПП | Название | Значение |
|---|---|---|---|---|
| Тип записи | a | |||
| Библиографический уровень | m | |||
| 001 | Контрольный номер | c25084ec-320f-480d-8da4-eee37796fe87 | ||
| 005 | Дата корректировки | 20140226234304.5 | ||
| 008 | Кодируемые данные | 020312 | ||
| 020 | c | Цена, тираж | 50.00 | |
| 040 | a | Служба первич. каталог. | НБ ТвГУ | |
| 041 | a | Код языка текста | rus | |
| 080 | a | Индекс УДК | 519.876(082) | |
| 084 | a | Индекс другой классификации/Индекс ББК | З817 | |
| 090 | x | Авторский знак | С48 | |
| a | Полочн. индекс | З817 | ||
| 245 | 10 | a | Заглавие | Сложные системы: моделирование и оптимизация |
| b | Продолж. заглавия | Сб. науч. тр. | ||
| c | Ответственность | Твер. гос. ун-т; [Редкол.: А. В. Язенин (отв. ред.) и др.] | ||
| 260 | 0_ | a | Место издания | Тверь |
| b | Издательство | Тверской государственный университет | ||
| c | Дата издания | 2001 | ||
| 300 | a | Объем | 242 с. | |
| b | Иллюстрации/ тип воспроизводства | ил. | ||
| 504 | a | Библиография | Библиогр. в конце ст. | |
| 583 | a | Действие | Получение впервые 103 12.03.2002 | |
| k | Исполнитель действия | РИО | ||
| 650 | a | Основная рубрика | Сложные системы | |
| x | Основная подрубрика | Моделирование математическое | ||
| x | Основная подрубрика | Оптимизация | ||
| 653 | a | Ключевые слова | Моделирование сложных систем | |
| a | Ключевые слова | Оптимизация сложных систем | ||
| a | Ключевые слова | Сложные системы | ||
| a | Ключевые слова | Труды Тверского государственного университета | ||
| 700 | 1_ | a | Другие авторы | Язенин А. В. |
| e | Роль лиц | отв. ред. | ||
| 700 | 1_ | a | Другие авторы | Катулев Александр Николаевич |
| e | Роль лиц | ред. | ||
| 700 | 1_ | a | Другие авторы | Михно Владимир Николаевич |
| e | Роль лиц | ред. | ||
| 710 | a | Организация/ юрисдикция | Тверской государственный университет | |
| 852 | t | Порядковый номер экземпляра | 5 | |
| p | Инвентарный номер | 744574 | ||
| p | Инвентарный номер | 744575 | ||
| p | Инвентарный номер | 744576 | ||
| p | Инвентарный номер | 744577 | ||
| p | Инвентарный номер | 744578 | ||
| 888 | a | За счет средств университета | ||
| 952 | p | 103.2002 50.00 1 744574 | ||
| p | 103.2002 50.00 1 744575 | |||
| p | 103.2002 50.00 1 744576 | |||
| p | 103.2002 50.00 1 744577 | |||
| p | 103.2002 50.00 1 744578 | |||
| c | Вид литературы | К рн | ||
| 954 | a | Дата поступления на обработку | 20020315 | |
| 999 | a | Подразделение 2 | Фил3 |